|
|
|
|
| LEADER |
01546nam a2200349 a 4500 |
| 001 |
000424749 |
| 003 |
CZ BrMZK |
| 005 |
20180122105315.0 |
| 008 |
990315s1998 gw f m ger d |
| 040 |
|
|
|a BOA001
|b cze
|
| 072 |
|
7 |
|a 617
|x Ortopedie. Chirurgie. Oftalmologie
|2 Konspekt
|9 14
|
| 080 |
|
|
|a 617.751.6
|2 MRF
|
| 080 |
|
|
|a 617.761-009.11
|2 MRF
|
| 080 |
|
|
|a 617.75
|2 MRF
|
| 080 |
|
|
|a 316.344.6-056.26/.3-053.2
|2 MRF
|
| 080 |
|
|
|a (043.3)
|2 MRF
|
| 100 |
1 |
|
|a Doagouishalkouhi, Mohammed Reza
|4 aut
|
| 245 |
1 |
0 |
|a Amblyopie, Refraktionsanomalien und Strabismus bei kongenitaler Ptosis im Kindesalter (unter 7 Jahre) :
|b eine Patientendarstellung
|h [mikrodokument] /
|c vorgelegt von Mohammed Reza Douagouishalkoui.
|
| 260 |
|
|
|a Erlangen-Nürnberg :
|b Friedrich-Alexander-Universität,
|c 1998
|
| 300 |
|
|
|a 1 mikrofiš (48 políček).
|
| 500 |
|
|
|a Disertace(Dr.med.)-Friedrich-Alexander-Universität, Erlangen-Nürnberg, 1998
|
| 541 |
|
|
|a Erlangen, Universitätsbibliothek
|
| 650 |
0 |
7 |
|a amblyopie
|7 ph118376
|2 czenas
|
| 650 |
0 |
7 |
|a strabismus
|7 ph116290
|2 czenas
|
| 650 |
0 |
7 |
|a zrakové vady
|7 ph135135
|2 czenas
|
| 650 |
0 |
7 |
|a děti se zrakovým postižením
|7 ph116790
|2 czenas
|
| 655 |
|
7 |
|a disertace
|7 fd132024
|2 czenas
|
| 655 |
|
7 |
|a mikrofiše
|7 fd917303
|2 czenas
|
| 710 |
2 |
|
|a Friedrich-Alexander-Universität Erlangen-Nürnberg.
|b Medizinische Fakultät
|7 olak2003182567
|
| 910 |
|
|
|a BOA001
|b Mfš-1060.662
|
| 990 |
|
|
|a BK
|
| 996 |
6 |
|
|b 2610094876
|c Mfš-1060.662
|l Stud. periodik/2.patro
|r Sklad / do 1 hodiny
|n 1
|p vým
|w 000424749
|u 000010
|a 1
|e BOA001
|j MZK50
|s P
|